| 000 | 00662nam a22001937a 4500 | ||
|---|---|---|---|
| 005 | 20170623161739.0 | ||
| 010 | _aENG-118889 | ||
| 020 |
_a9788181501059 _c850.00 |
||
| 035 | _aEN-102421 | ||
| 037 | _bDBAD/PUB | ||
| 082 | _a809.917 | ||
| 100 | _aSharma, Rajesh Kumar | ||
| 245 |
_aHow great are we / _cby Rajesh Kumar Sharma |
||
| 260 |
_aNew Delhi _bArvail Bokks International _c2010 |
||
| 270 | _aW-30, Okhla Industrial Area, Phase-II, New Delhi-1100020, India | ||
| 300 |
_a131p _c22cm.(pbk) |
||
| 505 | _aA vivid introspection of our socio-enviromental degradation and wake up call for reformation | ||
| 942 |
_2ddc _cEN _h363.7 _mSHA |
||
| 999 |
_c141834 _d141834 |
||